00307nam a2200121Ia 4500008004100000082001800041100002000059245003500079250000800114260003900122300000800161650001600169191201s2005 xx 000 0 und d a621.3845bKUN aKUO, Franklin F 0aNetwork Analysis and Synthesis a2nd aN.DelhibJohn Wiley and Sonsc2005 a515 aB.Tech(ECE)